La Liga 24/25 - nagła śmierć - Statystyki

Ogólne statystyki
  • Ten quiz został rozwiązany 1 681 razy
  • Średni wynik to 12 z 20
Answers on the Grid
Answers color-coded by a green-red scale on the quiz's grid according to % correct below.
Mallorca
Burgos CF
Real Sociedad
Valencia
Malaga
Eibar
Cadiz
Villareal
Getafe
Las Palmas
Sporting Gijon
Cordoba
Athletic Bilbao
Real Saragossa
Celta Vigo
Granada
Atletico Madryt
Real Valladolid
Elche
Almeria
CD Castellon
Real Betis
Osasuna
Deportivo La Coruna
Girona
Huesca
Levante
Real Madryt
Albacete
Espanyol
Leganes
Mirandes
Real Oviedo
Rayo
FC Barcelona
Deportivo Alaves
Tenerife
Racing Santander
Cartagena
Sevilla
 
Statystyki odpowiedzi
Odpowiedź % Poprawnych
Real Sociedad
82%
Valencia
82%
Mallorca
79%
Villareal
71%
Athletic Bilbao
68%
Atletico Madryt
65%
Getafe
62%
Celta Vigo
59%
Real Madryt
59%
FC Barcelona
58%
Real Betis
56%
Sevilla
56%
Girona
55%
Las Palmas
55%
Osasuna
50%
Real Valladolid
48%
Espanyol
47%
Rayo
47%
Leganes
40%
Deportivo Alaves
39%
Nie znaleziono quizów pasujących do podanych kryteriów
Rozkład punktacji
Procent ludzi z każdym wynikiem
Percentyl według liczby udzielonych odpowiedzi
Twoja historia wyników
Nie rozwiązałeś tego quizu